| 000 | 00517nam a2200145Ia 4500 | ||
|---|---|---|---|
| 008 | 170221s9999 xx 000 0 und d | ||
| 100 | _aMohammed Ahmar Uddin | ||
| 245 | 3 | _aAn Empirical Study of Automated Teller Machine Users in Oman | |
| 245 | _cMohammed Ahmar Uddin, Mohammed Abdul Imran Khan, Shariq Mohammed | ||
| 260 | _bInternational Review of Management and Marketing | ||
| 260 | _cJune 2016 | ||
| 300 | _a5:2 | ||
| 650 | _xMarketing. | ||
| 856 | _uhttp://www.econjournals.com/index.php/irmm/issue/view/88 | ||
| 999 |
_c310002 _d310002 |
||